000 00601nam a2200205Ia 4500
003 IN-BaIIA
008 211028s9999 xx 000 0 eng d
020 _a0-12-014537-5
040 _cIIA Library
080 _a047.1:621.38
_bAEE-37
245 0 _aAdvances in electronics and electron physics
_bvol. 37
_cedited by L. Marton and Claire Marton
260 _aNew York
_bAcademic Press
_c1975
300 _ax, 346p.
650 _a Electronics 
650 _a Electrophysics
_98294
650 _aNASA Thesaurus 
700 _aMarton, Clarie., ed.
_98449
700 _aMarton, L., ed.
942 _cBK
999 _c4753
_d4753